| 000 | 00919cam a2200301 4500 | ||
|---|---|---|---|
| 008 | 090401t1994 xxu||||| |||| 00| 0 eng d | ||
| 020 | _a0851256473 | ||
| 035 | _a(Sirsi) u38729 | ||
| 041 | _aeng | ||
| 050 | _a615.925756 | ||
| 100 | _aWelsh, P.A. | ||
| 245 | _aProtecting dwellings with suspended timber floors: a BRE guide to remedial measures in exitsting dwellings. | ||
| 260 |
_aGarston, Watford _bBuilding Research Establishment _c1994 |
||
| 300 | _aiii,12p. : ill. ; 30cm. | ||
| 350 | _a10 | ||
| 490 |
_aBRE Building Renewal _v270 |
||
| 490 |
_aBuilding _v270 Research Establishment |
||
| 650 | _aRADON SUMPS | ||
| 650 | _aSUSPENDED TIMBER FLOORS | ||
| 650 | _aTIMBER FLOORS | ||
| 650 | _aVENTILATION | ||
| 690 | _aBUILT ENVIRONMENT-BUILDING PATHOLOGY | ||
| 700 | _aPye, P.W. | ||
| 700 | _aScivyer, C.R. | ||
| 710 | _aBuilding Research Establishment | ||
| 942 | _n0 | ||
| 948 | _c04/03/1997 | ||
| 999 |
_c90695 _d90695 |
||